| 000 | 00747nam a2200193 i 4500 | ||
|---|---|---|---|
| 001 | 45162 | ||
| 003 | ES-MaACL | ||
| 005 | 20230906161152.0 | ||
| 007 | t| | ||
| 008 | 030325s1981 sp ||||1| spa d | ||
| 100 | 1 |
_aCirera y Prim, Jaume. _938882 |
|
| 245 | 1 | 0 |
_aIndice analítico de las Misceláneas Históricas de Mallorca de Joaquín Mª Bover de Roselló / _cJaume Cirera i Prim. |
| 260 |
_aPalma de Mallorca : _bBiblioteca Bartolomé March, _c1981. |
||
| 300 |
_a[58] p. ; _c25 cm. |
||
| 500 | _aSeparata de: Bolletí de la Societat Arqueológica Luliana, 1981, t. XXXVIII, p. 61-118. | ||
| 700 | 1 |
_aBover, Joaquín María ( _d1810-1865) _9146861 |
|
| 740 | 0 | _aMisceláneas históricas de Mallorca. | |
| 852 |
_aES-MaACL _jL-8780 _bR.110578 |
||
| 999 |
_c45162 _d45162 |
||